000 00598nam a2200229Ia 4500
003 OSt
005 20220918192812.0
006 a|||||r|||| 00| 0
007 ta
008 220917b |||||||| |||| 00| 0 eng d
024 _a70,390
037 _cTextual
040 _aARTS
_cARTS
_beng
041 _2eng
_aeng
082 _aR3M3x, L1
100 _aLangiulli Mino ed
_980231
245 0 _aExistentialist tradition
260 _aN.Jersey
_bHumanities Press
_c1971
300 _axii,459p.
_ccm.
942 _hR3M3x, L1
_cTEXL
_2CC
999 _c196488
_d196488